{"text_format":"3","workbook":"xlsx","n_sheets":1,"sheets":["t623"],"read":"whole","date_system":"1900"}

{"sheet":"t623","index":0,"n_rows":167,"n_cols":7,"rows_kept":167,"merged":[[0,0,0,6],[30,0,30,5],[41,0,41,5],[145,0,145,5]]}
["TABELA 623.1 - Estatísticas Agrícolas, Município de Valparaíso, Estado de São Paulo, 2007/08."]
["ITEM","UNIDADE","N.DE UPAs","MÍNIMO","MÉDIO","MÁXIMO","TOTAL"]
["Distância à sede do município","km",341,0.1,{"v":8.06,"d":"8.1"},{"v":35,"d":"35.0"},"-"]
["Área total","hectare",341,0.5,{"v":249.82,"d":"249.8"},{"v":21952,"d":"21,952.0"},{"v":85187.5,"d":"85,187.5"}]
["Área com cultura perene","hectare",14,1.2,{"v":29.02,"d":"29.0"},180.2,406.3]
["Área com cultura temporária","hectare",186,0.2,244.4,{"v":8074,"d":"8,074.0"},{"v":45457.5,"d":"45,457.5"}]
["Área com pastagem","hectare",266,0.4,{"v":112.73,"d":"112.7"},{"v":11443,"d":"11,443.0"},{"v":29987.3,"d":"29,987.3"}]
["Área com reflorestamento","hectare",29,0.2,{"v":10.51,"d":"10.5"},{"v":100,"d":"100.0"},304.8]
["Área com vegetação natural","hectare",189,0.5,{"v":31.52,"d":"31.5"},{"v":1460,"d":"1,460.0"},{"v":5957.6,"d":"5,957.6"}]
["Área com vegetação de brejo e várzea","hectare",12,0.3,76.6,{"v":739,"d":"739.0"},919.2]
["Área em descanso","hectare",6,11.6,{"v":189.45,"d":"189.5"},{"v":853,"d":"853.0"},{"v":1136.7,"d":"1,136.7"}]
["Área complementar","hectare",301,0.1,{"v":3.38,"d":"3.4"},{"v":100,"d":"100.0"},{"v":1018.1,"d":"1,018.1"}]
["Área das UPAs com (0, 1] ha","hectare",4,0.5,{"v":0.58,"d":"0.6"},0.7,2.3]
["Área das UPAs com (1, 2] ha","hectare",4,1.2,{"v":1.33,"d":"1.3"},1.5,5.3]
["Área das UPAs com (2, 5] ha","hectare",46,2.2,{"v":3.78,"d":"3.8"},4.8,173.7]
["Área das UPAs com (5, 10] ha","hectare",53,5.4,{"v":7.69,"d":"7.7"},{"v":10,"d":"10.0"},407.8]
["Área das UPAs com (10, 20] ha","hectare",44,10.8,{"v":14.79,"d":"14.8"},{"v":20,"d":"20.0"},650.8]
["Área das UPAs com (20, 50] ha","hectare",49,20.6,{"v":31.83,"d":"31.8"},48.4,{"v":1559.6,"d":"1,559.6"}]
["Área das UPAs com (50, 100] ha","hectare",35,{"v":51,"d":"51.0"},{"v":78.94,"d":"78.9"},98.5,{"v":2762.8,"d":"2,762.8"}]
["Área das UPAs com (100, 200] ha","hectare",41,101.6,{"v":143.01,"d":"143.0"},{"v":199,"d":"199.0"},{"v":5863.3,"d":"5,863.3"}]
["Área das UPAs com (200, 500] ha","hectare",36,203.3,{"v":274.66,"d":"274.7"},488.7,{"v":9887.8,"d":"9,887.8"}]
["Área das UPAs com (500, 1.000] ha","hectare",16,{"v":501,"d":"501.0"},{"v":740.87,"d":"740.9"},985.4,{"v":11853.9,"d":"11,853.9"}]
["Área das UPAs com (1.000, 2.000] ha","hectare",6,{"v":1039,"d":"1,039.0"},{"v":1260.45,"d":"1,260.5"},{"v":1514.3,"d":"1,514.3"},{"v":7562.7,"d":"7,562.7"}]
["Área das UPAs com (2.000, 5.000] ha","hectare",6,{"v":2729,"d":"2,729.0"},{"v":3750.92,"d":"3,750.9"},{"v":4942.7,"d":"4,942.7"},{"v":22505.5,"d":"22,505.5"}]
["Área das UPAs com (5.000, 10.000] ha","hectare","-","-","-","-","-"]
["Área das UPAs acima de 10.000 ha","hectare",1,{"v":21952,"d":"21,952.0"},{"v":21952,"d":"21,952.0"},{"v":21952,"d":"21,952.0"},{"v":21952,"d":"21,952.0"}]
["Familiares do proprietário que trabalham na UPA","unidade",326,{"v":1,"d":"1.0"},1.1,{"v":3,"d":"3.0"},{"v":359,"d":"359.0"}]
["Trabalhadores permanentes","unidade",141,{"v":1,"d":"1.0"},2.5,{"v":130,"d":"130.0"},{"v":352,"d":"352.0"}]
["Fonte: Secretaria de Agricultura e Abastecimento, CDRS/IEA, Projeto LUPA."]
[]
["TABELA 623.2 - Explorações Animais, Município de Valparaíso, Estado de São Paulo, 2007/08."]
["ITEM","UNIDADE","N.DE UPAs","MÍNIMO","MÉDIO","MÁXIMO","TOTAL"]
["Asininos E Muares","cabeças",14,{"v":1,"d":"1.0"},{"v":7.36,"d":"7.4"},{"v":38,"d":"38.0"},{"v":103,"d":"103.0"}]
["Bovinocultura Leiteira","cabeças",3,{"v":37,"d":"37.0"},{"v":72.33,"d":"72.3"},{"v":120,"d":"120.0"},{"v":217,"d":"217.0"}]
["Bovinocultura Mista","cabeças",243,{"v":3,"d":"3.0"},{"v":216.57,"d":"216.6"},{"v":17349,"d":"17,349.0"},{"v":52626,"d":"52,626.0"}]
["Caprinocultura","cabeças",1,{"v":20,"d":"20.0"},{"v":20,"d":"20.0"},{"v":20,"d":"20.0"},{"v":20,"d":"20.0"}]
["Equinocultura","cabeças",194,{"v":1,"d":"1.0"},{"v":5.77,"d":"5.8"},{"v":195,"d":"195.0"},{"v":1120,"d":"1,120.0"}]
["Ovinocultura","cabeças",36,{"v":10,"d":"10.0"},{"v":83.36,"d":"83.4"},{"v":1500,"d":"1,500.0"},{"v":3001,"d":"3,001.0"}]
["Suinocultura","cabeças",13,{"v":1,"d":"1.0"},{"v":33.85,"d":"33.9"},{"v":115,"d":"115.0"},{"v":440,"d":"440.0"}]
["Fonte: Secretaria de Agricultura e Abastecimento, CDRS/IEA, Projeto LUPA."]
[]
["TABELA 623.3 -  Máquinas, Implementos e Benfeitorias, Município de Valparaíso, Estado de São Paulo, 2007/08."]
["ITEM","UNIDADE","N.DE UPAs","MÍNIMO","MÉDIO","MÁXIMO","TOTAL"]
["Arado Comum (Bacia, Aiveca)","Unidade",24,{"v":1,"d":"1.0"},{"v":1.96,"d":"2.0"},{"v":8,"d":"8.0"},{"v":47,"d":"47.0"}]
["Arado Escarificador","Unidade",27,{"v":1,"d":"1.0"},{"v":1.52,"d":"1.5"},{"v":5,"d":"5.0"},{"v":41,"d":"41.0"}]
["Arado Subsolador","Unidade",1,{"v":2,"d":"2.0"},{"v":2,"d":"2.0"},{"v":2,"d":"2.0"},{"v":2,"d":"2.0"}]
["Batedeira de Cereais","Unidade",21,{"v":1,"d":"1.0"},{"v":1.05,"d":"1.1"},{"v":2,"d":"2.0"},{"v":22,"d":"22.0"}]
["Carregadeira de Cana","Unidade",5,{"v":1,"d":"1.0"},6.8,{"v":23,"d":"23.0"},{"v":34,"d":"34.0"}]
["Colhedeira Acoplada","Unidade",6,{"v":1,"d":"1.0"},{"v":1,"d":"1.0"},{"v":1,"d":"1.0"},{"v":6,"d":"6.0"}]
["Colhedeira Automotriz","Unidade",3,{"v":1,"d":"1.0"},{"v":2,"d":"2.0"},{"v":4,"d":"4.0"},{"v":6,"d":"6.0"}]
["Computador","Unidade",2,{"v":2,"d":"2.0"},2.5,{"v":3,"d":"3.0"},{"v":5,"d":"5.0"}]
["Conj.Irrigação Autopropelido","Unidade",1,{"v":1,"d":"1.0"},{"v":1,"d":"1.0"},{"v":1,"d":"1.0"},{"v":1,"d":"1.0"}]
["Conj.Irrigação Convencional","Unidade",9,{"v":1,"d":"1.0"},{"v":2.44,"d":"2.4"},{"v":14,"d":"14.0"},{"v":22,"d":"22.0"}]
["Conjunto de Fenação","Unidade",8,{"v":1,"d":"1.0"},{"v":1.13,"d":"1.1"},{"v":2,"d":"2.0"},{"v":9,"d":"9.0"}]
["Desintegrador, Picador, Triturador","Unidade",145,{"v":1,"d":"1.0"},{"v":1.04,"d":"1.0"},{"v":5,"d":"5.0"},{"v":151,"d":"151.0"}]
["Distribuidor de Calcário","Unidade",8,{"v":1,"d":"1.0"},{"v":1.75,"d":"1.8"},{"v":4,"d":"4.0"},{"v":14,"d":"14.0"}]
["Ensiladeira","Unidade",29,{"v":1,"d":"1.0"},{"v":1.31,"d":"1.3"},{"v":5,"d":"5.0"},{"v":38,"d":"38.0"}]
["Grade Aradora (Tipo Romi)","Unidade",41,{"v":1,"d":"1.0"},{"v":2,"d":"2.0"},{"v":8,"d":"8.0"},{"v":82,"d":"82.0"}]
["Grade Niveladora","Unidade",52,{"v":1,"d":"1.0"},{"v":1.46,"d":"1.5"},{"v":7,"d":"7.0"},{"v":76,"d":"76.0"}]
["Implementos para Tração Animal","Unidade",1,{"v":1,"d":"1.0"},{"v":1,"d":"1.0"},{"v":1,"d":"1.0"},{"v":1,"d":"1.0"}]
["Microtrator","Unidade",9,{"v":1,"d":"1.0"},{"v":1.11,"d":"1.1"},{"v":2,"d":"2.0"},{"v":10,"d":"10.0"}]
["Misturador de Ração","Unidade",18,{"v":1,"d":"1.0"},{"v":1.11,"d":"1.1"},{"v":2,"d":"2.0"},{"v":20,"d":"20.0"}]
["Ordenhadeira Mecânica","Unidade",13,{"v":1,"d":"1.0"},{"v":1,"d":"1.0"},{"v":1,"d":"1.0"},{"v":13,"d":"13.0"}]
["Pulverizador Tratorizado","Unidade",47,{"v":1,"d":"1.0"},{"v":1.47,"d":"1.5"},{"v":10,"d":"10.0"},{"v":69,"d":"69.0"}]
["Resfriador de Leite, Tanque Expansão","Unidade",7,{"v":1,"d":"1.0"},{"v":1,"d":"1.0"},{"v":1,"d":"1.0"},{"v":7,"d":"7.0"}]
["Semeadeira/Adubadeira para Plantio Convencional","Unidade",9,{"v":1,"d":"1.0"},{"v":1.67,"d":"1.7"},{"v":6,"d":"6.0"},{"v":15,"d":"15.0"}]
["Semeadeira/Plantadeira Plantio Direto","Unidade",26,{"v":1,"d":"1.0"},{"v":1.27,"d":"1.3"},{"v":4,"d":"4.0"},{"v":33,"d":"33.0"}]
["Terraceador","Unidade",17,{"v":1,"d":"1.0"},{"v":1.88,"d":"1.9"},{"v":8,"d":"8.0"},{"v":32,"d":"32.0"}]
["Trator de Esteiras","Unidade",6,{"v":1,"d":"1.0"},{"v":1.83,"d":"1.8"},{"v":5,"d":"5.0"},{"v":11,"d":"11.0"}]
["Trator de Pneus","Unidade",93,{"v":1,"d":"1.0"},{"v":2.71,"d":"2.7"},{"v":45,"d":"45.0"},{"v":252,"d":"252.0"}]
["Açude/Represa","Unidade",108,{"v":1,"d":"1.0"},{"v":2.55,"d":"2.6"},{"v":10,"d":"10.0"},{"v":275,"d":"275.0"}]
["Almoxarifado/Oficina","Unidade",26,{"v":1,"d":"1.0"},{"v":1.08,"d":"1.1"},{"v":2,"d":"2.0"},{"v":28,"d":"28.0"}]
["Armazém para Grãos Ensacados","Sacas",15,{"v":100,"d":"100.0"},{"v":2182,"d":"2,182.0"},{"v":8000,"d":"8,000.0"},{"v":32730,"d":"32,730.0"}]
["Balança para Bovinos","Unidade",17,{"v":1,"d":"1.0"},{"v":1.18,"d":"1.2"},{"v":4,"d":"4.0"},{"v":20,"d":"20.0"}]
["Balança para Veículos","Unidade",9,{"v":1,"d":"1.0"},{"v":1.11,"d":"1.1"},{"v":2,"d":"2.0"},{"v":10,"d":"10.0"}]
["Barracão/Galpão/Garagem","Unidade",120,{"v":1,"d":"1.0"},{"v":1.55,"d":"1.6"},{"v":14,"d":"14.0"},{"v":186,"d":"186.0"}]
["Casa de Moradia Habitada","Unidade",205,{"v":1,"d":"1.0"},{"v":2.12,"d":"2.1"},{"v":111,"d":"111.0"},{"v":435,"d":"435.0"}]
["Casa de Moradia Total","Unidade",264,{"v":1,"d":"1.0"},{"v":2.49,"d":"2.5"},{"v":114,"d":"114.0"},{"v":657,"d":"657.0"}]
["Curral/Mangueira","Unidade",187,{"v":1,"d":"1.0"},{"v":1.07,"d":"1.1"},{"v":6,"d":"6.0"},{"v":201,"d":"201.0"}]
["Depósito/Tulha","Unidade",171,{"v":1,"d":"1.0"},{"v":1.17,"d":"1.2"},{"v":4,"d":"4.0"},{"v":200,"d":"200.0"}]
["Engenho","Unidade",1,{"v":1,"d":"1.0"},{"v":1,"d":"1.0"},{"v":1,"d":"1.0"},{"v":1,"d":"1.0"}]
["Estábulo","Unidade",9,{"v":1,"d":"1.0"},{"v":2.33,"d":"2.3"},{"v":10,"d":"10.0"},{"v":21,"d":"21.0"}]
["Estufa/Plasticultura","m²",5,{"v":3,"d":"3.0"},476.6,{"v":950,"d":"950.0"},{"v":2383,"d":"2,383.0"}]
["Fábrica de Ração","Unidade",5,{"v":1,"d":"1.0"},{"v":1,"d":"1.0"},{"v":1,"d":"1.0"},{"v":5,"d":"5.0"}]
["Instalações para Equinos","Unidade",3,{"v":1,"d":"1.0"},{"v":1,"d":"1.0"},{"v":1,"d":"1.0"},{"v":3,"d":"3.0"}]
["Máquina de Benefício","Unidade",2,{"v":1,"d":"1.0"},{"v":1,"d":"1.0"},{"v":1,"d":"1.0"},{"v":2,"d":"2.0"}]
["Pocilga","Unidade",1,{"v":1,"d":"1.0"},{"v":1,"d":"1.0"},{"v":1,"d":"1.0"},{"v":1,"d":"1.0"}]
["Poço Semi-Artesiano","Unidade",68,{"v":1,"d":"1.0"},{"v":1.16,"d":"1.2"},{"v":7,"d":"7.0"},{"v":79,"d":"79.0"}]
["Posto Meteorológico","Unidade",4,{"v":1,"d":"1.0"},{"v":1,"d":"1.0"},{"v":1,"d":"1.0"},{"v":4,"d":"4.0"}]
["Secador de Grãos","Unidade",1,{"v":1,"d":"1.0"},{"v":1,"d":"1.0"},{"v":1,"d":"1.0"},{"v":1,"d":"1.0"}]
["Silo para Grãos","t",1,{"v":150,"d":"150.0"},{"v":150,"d":"150.0"},{"v":150,"d":"150.0"},{"v":150,"d":"150.0"}]
["Silo para Silagem","t",12,{"v":2,"d":"2.0"},{"v":439.17,"d":"439.2"},{"v":2500,"d":"2,500.0"},{"v":5270,"d":"5,270.0"}]
["Terreiro","m²",27,{"v":22,"d":"22.0"},359.7,{"v":1500,"d":"1,500.0"},{"v":9712,"d":"9,712.0"}]
["Usina de Açúcar/destilaria","Unidade",2,{"v":1,"d":"1.0"},{"v":1,"d":"1.0"},{"v":1,"d":"1.0"},{"v":2,"d":"2.0"}]
["Fonte: Secretaria de Agricultura e Abastecimento, CDRS/IEA, Projeto LUPA."]
[]
["TABELA 623.4 - Outras Estatísticas Agrícolas, Município de Valparaíso, Estado de São Paulo, 2007/08."]
["ITEM","Número de UPAs",null,"Percentual"]
["Faz Parte de Associação de Produtores",204,null,{"v":59.82404692082111,"d":"59.8"}]
["Faz Parte de Cooperativa de Produtores",229,null,{"v":67.15542521994135,"d":"67.2"}]
["Faz Parte do Sindicato de Produtores",244,null,{"v":71.55425219941348,"d":"71.6"}]
["Não utiliza assistência técnica ",84,null,{"v":24.633431085043988,"d":"24.6"}]
["Utiliza somente assistência técnica governamental ",182,null,{"v":53.37243401759531,"d":"53.4"}]
["Utiliza somente assistência técnica privada ",7,null,{"v":2.0527859237536656,"d":"2.1"}]
["Utiliza assistência técnica tanto governamental quanto privada",68,null,{"v":19.941348973607035,"d":"19.9"}]
["Utiliza Crédito Rural",14,null,{"v":4.105571847507331,"d":"4.1"}]
["Utiliza Seguro Rural",2,null,{"v":0.5865102639296188,"d":"0.6"}]
["Utiliza Escrituração Agrícola",18,null,{"v":5.278592375366569,"d":"5.3"}]
["Acessa Internet p/ Fins na Agropecuária",6,null,{"v":1.7595307917888565,"d":"1.8"}]
["Utiliza Computador nas Atividades Agropecuárias",6,null,{"v":1.7595307917888565,"d":"1.8"}]
["Utiliza Energia Elétrica Para Uso na Atividade Agrícola",304,null,{"v":89.14956011730204,"d":"89.1"}]
["Realiza Análise de Solo, quando necessário",147,null,{"v":43.10850439882698,"d":"43.1"}]
["Utiliza Práticas de Conservação de Solo, quando necessário",203,null,{"v":59.530791788856305,"d":"59.5"}]
["Faz Adubação Mineral, quando necessário",183,null,{"v":53.665689149560116,"d":"53.7"}]
["Faz Adubação Orgânica, quando necessário",95,null,{"v":27.85923753665689,"d":"27.9"}]
["Faz Adubação Verde, quando necessário",26,null,{"v":7.624633431085044,"d":"7.6"}]
["Utiliza Manejo Integrado de Pragas (MIP)",1,null,{"v":0.2932551319648094,"d":"0.3"}]
["Utiliza Hidroponia","-",null,"-"]
["Utiliza Plasticultura",6,null,{"v":1.7595307917888565,"d":"1.8"}]
["Utiliza Mudas Fiscalizadas",34,null,{"v":9.970674486803517,"d":"10.0"}]
["Utiliza Semente Melhorada",23,null,{"v":6.744868035190616,"d":"6.7"}]
["Faz Confinamento de Bovinos",6,null,{"v":1.7595307917888565,"d":"1.8"}]
["Utiliza Pastejo Intensivo",93,null,{"v":27.27272727272727,"d":"27.3"}]
["Faz Inseminação Artificial",2,null,{"v":0.5865102639296188,"d":"0.6"}]
["Faz Mineralização do Rebanho",210,null,{"v":61.583577712609966,"d":"61.6"}]
["Faz Vermifugação do Rebanho",211,null,{"v":61.87683284457478,"d":"61.9"}]
["Possui Parceiros /Arrendatários na Exploração Animal",35,null,{"v":10.263929618768328,"d":"10.3"}]
["Esporte e lazer",1,null,{"v":0.2932551319648094,"d":"0.3"}]
["Extração mineral","-",null,"-"]
["Hotel Fazenda, Pousada ou SPA","-",null,"-"]
["Pesque-pague","-",null,"-"]
["Restaurante ou Lanchonete","-",null,"-"]
["Transformação artesanal","-",null,"-"]
["Turismo rural ou ecoturismo","-",null,"-"]
["Outras atividades econômicas rurais","-",null,"-"]
["Agroindústria","-",null,"-"]
["Proprietário sem instrução ou com instrução incompleta",4,null,{"v":1.1730205278592376,"d":"1.2"}]
["Proprietário com antigo primário completo",77,null,{"v":22.580645161290324,"d":"22.6"}]
["Proprietário com 1° grau (ou antigo ginasial) completo",28,null,{"v":8.211143695014663,"d":"8.2"}]
["Proprietário com 2° grau (ou antigo colegial) completo",110,null,{"v":32.25806451612903,"d":"32.3"}]
["Proprietário com curso superior completo ",106,null,{"v":31.085043988269792,"d":"31.1"}]
["Pessoa Jurídica",16,null,{"v":4.69208211143695,"d":"4.7"}]
["Proprietário residente na própria UPA ",72,null,{"v":21.114369501466275,"d":"21.1"}]
["Fonte: Secretaria de Agricultura e Abastecimento, CDRS/IEA, Projeto LUPA."]
[]
["TABELA 623.5 - Área Cultivada, Município de Valparaíso, Estado de São Paulo, 2007/08."]
["CULTURA","N.DE UPAs","MÍNIMO","MÉDIO","MÁXIMO","TOTAL"]
["Cana-de-acucar",170,0.2,{"v":256.63,"d":"256.6"},{"v":7074,"d":"7,074.0"},{"v":43627.4,"d":"43,627.4"}]
["Braquiaria",245,0.4,{"v":99.56,"d":"99.6"},{"v":10243,"d":"10,243.0"},{"v":24391.4,"d":"24,391.4"}]
["Coloniao",13,{"v":5,"d":"5.0"},{"v":411.53,"d":"411.5"},{"v":1927.2,"d":"1,927.2"},{"v":5349.9,"d":"5,349.9"}]
["Milho",12,0.5,{"v":85.39,"d":"85.4"},290.4,{"v":1024.7,"d":"1,024.7"}]
["Sorgo",1,{"v":1000,"d":"1,000.0"},{"v":1000,"d":"1,000.0"},{"v":1000,"d":"1,000.0"},{"v":1000,"d":"1,000.0"}]
["Seringueira",4,8.6,74.2,180.2,296.8]
["Outras gramineas para pastagem",23,{"v":1,"d":"1.0"},{"v":9.51,"d":"9.5"},54.2,218.8]
["Outras florestais",2,83.4,91.7,{"v":100,"d":"100.0"},183.4]
["Eucalipto",27,0.2,4.5,48.4,121.4]
["Abacaxi (ou ananas)",5,4.6,{"v":10.04,"d":"10.0"},25.9,50.2]
["Manga",2,22.9,24.3,25.7,48.6]
["Banana",2,2.4,22.7,{"v":43,"d":"43.0"},45.4]
["Colza",1,{"v":35,"d":"35.0"},{"v":35,"d":"35.0"},{"v":35,"d":"35.0"},{"v":35,"d":"35.0"}]
["Gramas",2,6.3,{"v":12.35,"d":"12.4"},18.4,24.7]
["Cafe",4,1.2,{"v":2.68,"d":"2.7"},{"v":6,"d":"6.0"},10.7]
["Alface",4,0.3,{"v":0.73,"d":"0.7"},{"v":1,"d":"1.0"},2.9]
["Capim-napier (ou capim-elefante)",1,2.5,2.5,2.5,2.5]
["Lichia",1,2.4,2.4,2.4,2.4]
["Coco-da-baia",1,2.4,2.4,2.4,2.4]
["Fonte: Secretaria de Agricultura e Abastecimento, CDRS/IEA, Projeto LUPA."]